Statystyki dla Z jakiego kraju pochodzi ta broń?

Kliknij tutaj aby rozwiązać quiz!

Ogólne statystyki

  • Ten quiz został rozwiązany 360 razy
  • Średni wynik to 12 z 15

Statystyki odpowiedzi

HintOdpowiedź% Poprawnych
wz.96 BerylPolska
97%
M-16A2USA
97%
FamasFrancja
94%
G-36Niemcy
93%
L85Wielka Brytania
86%
Typ 95Chiny
85%
Arisaka Typ 99Japonia
85%
CZ 75Czechy
83%
Beretta M9Włochy
83%
AKMZSRR
72%
Glock 17Austria
70%
GalilIzrael
67%
FN FALBelgia
62%
INSASIndie
46%
Zastava M76Jugosławia
45%

Rozkład punktacji

Percentyl według liczby udzielonych odpowiedzi

Procent ludzi z każdym wynikiem

Twoja historia wyników

Nie rozwiązałeś tego quizu